Psychology and education of slow learners / (Record no. 60008)
[ view plain ]
| 000 -LEADER | |
|---|---|
| fixed length control field | 00656nam a2200229 a 4500 |
| 001 - CONTROL NUMBER | |
| control field | 60008 |
| 003 - CONTROL NUMBER IDENTIFIER | |
| rucl marc code | BD-RjUL |
| 005 - DATE AND TIME OF LATEST TRANSACTION | |
| control field | 20211209080808.0 |
| 008 - FIXED-LENGTH DATA ELEMENTS--GENERAL INFORMATION | |
| fixed length control field | 131224s1976 enk b 000 0 eng |
| 035 ## - SYSTEM CONTROL NUMBER | |
| System control number | (BD-RjUL)60132 |
| 040 ## - CATALOGING SOURCE | |
| Original cataloging agency | DLC |
| Transcribing agency | DLC |
| Modifying agency | DLC |
| -- | BD-RjUL |
| Language of cataloging | eng |
| 041 ## - LANGUAGE CODE | |
| Language code of text/sound track or separate title | eng |
| 082 00 - DEWEY DECIMAL CLASSIFICATION NUMBER | |
| Classification number | 371.926 |
| Author mark and year | BRP |
| Edition number | 23 |
| 100 1# - MAIN ENTRY--PERSONAL NAME | |
| Personal name | Brown, Roy I. |
| 9 (RLIN) | 16171 |
| 245 10 - TITLE STATEMENT | |
| Title | Psychology and education of slow learners / |
| Statement of responsibility, etc. | Roy I. Brown. |
| 260 ## - PUBLICATION, DISTRIBUTION, ETC. (IMPRINT) | |
| Place of publication, distribution, etc. | London ; |
| -- | Boston : |
| Name of publisher, distributor, etc. | Routledge & K. Paul, |
| 300 ## - PHYSICAL DESCRIPTION | |
| Pagination | xii, 390 p. ; |
| Size | 20 cm. |
| 490 0# - SERIES STATEMENT | |
| Series statement | Students library of education |
| 500 ## - GENERAL NOTE | |
| General note | Includes index |
| 650 #0 - SUBJECT ADDED ENTRY--TOPICAL TERM | |
| Topical term or geographic name as entry element | Slow learning children. |
| 9 (RLIN) | 16172 |
| 942 ## - ADDED ENTRY ELEMENTS (KOHA) | |
| Source of classification or shelving scheme | Dewey Decimal Classification |
| Koha item type | Books |
| Lost status | Source of classification or shelving scheme | Damaged status | Not for loan | Collection code | Permanent Location | Current Location | Shelving location | Date acquired | Source of acquisition | Cost, normal purchase price | Total Checkouts | Full call number | Date last seen | Copy number | Koha item type |
|---|---|---|---|---|---|---|---|---|---|---|---|---|---|---|---|
| Dewey Decimal Classification | Not For Loan | Non-fiction | Central Library, University of Rajshahi | Central Library, University of Rajshahi | Reading Room | 08/11/1968 | Zeitlinger | 28.00 | 371.926 BRP 1968 | 28/12/2016 | C-1 | Books |